Nàng dâu quí như vàng Tập truyện vui thương nghiệp

সংরক্ষণ করুন:
গ্রন্থ-পঞ্জীর বিবরন
সংস্থা লেখক: Bộ nội thương
বিন্যাস: গ্রন্থ
প্রকাশিত: [Kxd] [Knxb] 1986
বিষয়গুলি:
ট্যাগগুলো: ট্যাগ যুক্ত করুন
কোনো ট্যাগ নেই, প্রথমজন হিসাবে ট্যাগ করুন!
Thư viện lưu trữ: Trung tâm Học liệu Lê Vũ Hùng, Trường Đại học Đồng Tháp
LEADER 00752pam a22002058a 4500
001 00020647
005 20171026081022.0
008 110519s1986 ||||||Viesd
041 0 # |a Vie 
082 1 4 |a 895.922 802  |b N106D 
110 1 # |a Bộ nội thương 
245 0 0 |a Nàng dâu quí như vàng  |b Tập truyện vui thương nghiệp  |c Bộ nội thương 
260 # # |a [Kxd]  |b [Knxb]  |c 1986 
500 # # |a Tạp chí nội thương và báo thương nghiệp xuất bản 
653 # # |a Truyện ngắn 
653 # # |a Truyện vui 
852 # # |b Kho đọc  |j KD.0006040 
852 # # |j KD.0006040 
910 0 # |a Đức  |d 19/05/2011 
980 # # |a Trung tâm Học liệu Lê Vũ Hùng, Trường Đại học Đồng Tháp